Manuál štrukturálnych fondov

Bibliographic Details
Format: Electronic
Published: Bratislava GP Consulting [2003]
Subjects:

MARC

LEADER 00000nmm a2200000 a 4500
001 vtls001456272
003 SK-MaSNL
005 20260302024522.0
008 130607s2003 xo a 0
035 |a SNK000411579 
040 |a SNK  |b slo  |c SNK  |e AACR2 
044 |a xo  |c SK 
245 1 |a Manuál štrukturálnych fondov  |h elektronický zdroj 
260 |a Bratislava  |b GP Consulting  |c [2003] 
655 7 |a elektronické dokumenty  |2 SNK  |9 70518 
999 |c 1040802  |d 1042732 
952 |t P60, <03>, [DIGIT], {603}  |a SNK  |b SNK  |y PREZ  |7 0  |p 17A0389100  |o snkSCDM 327  |i snkJK 363/2003  |g 16.56  |0 0  |1 0  |4 0  |d 2003-07-08  |l 0  |r 2005-01-02 00:00:00  |w 2026-02-24